000 00777nam a2200265 a 4500
001 BRCA_5044
005 20190320204922.0
008 810310s1936####be-a######---#000-0#eng-#
041 _aeng
044 _abe
050 4 _aNK3055
_b.D46 1936
100 1 _aDenuce, Jean
_912878
245 1 0 _aAntwerp art-tapestry and trade
_cby J. Denuce.
260 _aAmberes, Bélgica
_bSikkel
_c1936
300 _a421 p.
_bil., 4 láminas
_c25 cm.
440 0 _aHisorical sources for the study of flemish art
_v4
_912879
500 _aIncluye índice alfabético
500 _aEstado físico: Libro deteriorado
500 _aDD22
650 1 4 _aTapices
_zBélgica
_912880
650 1 4 _aTapices flamencos
_912881
650 1 4 _aTapices
_xHistoria
_95686
902 _aGFM
942 _2lcc
_cB
999 _c4738
_d4738